01186 a2200169 45000010006000000050017000060080041000230030015000640400040000790800079001192450070001982640026002683000019002945050660003131000020009737000023009935893120260407155843.0260407a arg spa d AR-UNSa-BCEJYS aAR-UNSa-BCEJYSbspacAR-UNSa-BCEJYS a336.226.3xImpuestos por el uso de los ingresos. Impuestos al consumo. IVA10aImpueto al valor agregadopAnálisis e implemantación practica 1aBuenos Aires :bERGON a128 p.c25 cm. a1. Introducción - 2. El I.V.A. antecedentes históricos y de la legislación comparada - 3. Caracterización del gravamen - 4. Ventajas y desventajas - 5. Objeto - 6. Sujetos del impuesto - 7. Nacimiento del hecho imponible - 8. Base imponible - 9. Crédito y débito fiscal - 10. Inscripción. Responsables inscritos y no inscritos, exentos y consumidores finales - 11. Tasas - 12. Exenciones - 13. Regimen de transición - 14. Ley 20.631 y decreto reglamentario concordados - 15. Resoluciones generales 1652 y 1653 - 16. Disposiciones conexas con la ley 20.631 - 17. Tabla de correlaciones con disposiciones legales vinculadas con la ley 20.6311 aGrün, Ernesto1 aBrandstadter, Curt